000
00353nam a2200157Ia 4500
003
OSt
005
20240106122151.0
008
170523s9999 xx 000 0 und d
020
_a
8185386315
040
_c
iimt university meerut
100
_a
PEARCE II- JOHN A
245
0
_a
STRATEGIC MANAGEMENT
260
_b
AITBS
260
_c
1996
942
_2
ddc
_c
02
999
_c
372
_d
372